[Event "4NCL league"]
[Site "?"]
[Date "2011.01.16"]
[Round "?"]
[White "Stebbings, A."]
[Black "Rosen, D."]
[Result "0-1"]
[WhiteElo "2290"]
[BlackElo "2130"]
[PlyCount "62"]
[EventDate "2011.??.??"]

1. e4 g6 2. d4 Bg7 3. Nc3 d6 4. Nge2 Nc6 5. Be3 a6 6. a4 e5 7. h3 Bd7 8. g3
exd4 9. Nxd4 Nxd4 10. Bxd4 Bxd4 11. Qxd4 Qf6 12. Qb4 Bc6 13. Bg2 Ne7 14. O-O h5
15. f4 O-O-O 16. Qc4 Qe6 17. Qd3 d5 18. e5 Nf5 19. b4 d4 20. Ne4 Ne3 21. Nc5
Qe8 22. Bxc6 Qxc6 23. Rf2 a5 24. c3 Nf5 25. Kh2 dxc3 26. Qxc3 b6 27. Rb1 axb4
28. Rxb4 Qxc5 29. Qb2 Qe3 30. Rg2 Nxg3 31. Rb3 Qxf4 0-1

[Event "London league"]
[Site "?"]
[Date "2011.01.17"]
[Round "?"]
[White "Stebbings, A."]
[Black "Pelling, T."]
[Result "1/2-1/2"]
[WhiteElo "2290"]
[BlackElo "2090"]
[PlyCount "43"]
[EventDate "2011.??.??"]

1. e4 e6 2. d4 d5 3. Nd2 Nf6 4. e5 Nfd7 5. f4 c5 6. c3 Nc6 7. Ndf3 Rb8 8. Bd3
g6 9. Ne2 b5 10. O-O b4 11. g4 bxc3 12. bxc3 cxd4 13. cxd4 h5 14. h3 hxg4 15.
hxg4 Nb4 16. Bb1 Ba6 17. Rf2 Qc7 18. Ng3 Qc3 19. Bb2 Qe3 20. Bc1 Qc3 21. Bb2
Qe3 22. Bc1 1/2-1/2

[Event "Tournament: Gibraltar Masters"]
[Site "?"]
[Date "2011.01.30"]
[Round "6"]
[White "Wheldon, P."]
[Black "Stebbings, A."]
[Result "1-0"]
[WhiteElo "2154"]
[BlackElo "2290"]
[PlyCount "79"]
[EventDate "2011.01.25"]

1. e4 c5 2. Nc3 Nc6 3. g3 g6 4. Bg2 Bg7 5. d3 d6 6. Be3 e5 7. Qd2 Nge7 8. Bh6
Bxh6 9. Qxh6 Nd4 10. Qd2 Qa5 11. h4 h5 12. Nh3 Bg4 13. Kf1 f6 14. a3 O-O-O 15.
Rc1 Kb8 16. Ng1 Rdf8 17. f3 Be6 18. Nge2 Nec6 19. Nxd4 Nxd4 20. Kf2 Qb6 21. b4
f5 22. bxc5 Qxc5 23. Na4 Qc6 24. Qb4 fxe4 25. dxe4 Nxf3 26. Bxf3 Bg4 27. Rhd1
Rxf3+ 28. Kg2 Rf6 29. Rd5 Rhf8 30. Kg1 R8f7 31. c3 Rc7 32. c4 Bf3 33. c5 Qa6
34. Re1 dxc5 35. Nxc5 Qc6 36. Rd8+ Rc8 37. Nd7+ Kc7 38. Rxc8+ Kxc8 39. Nxf6
Qxf6 40. Rf1 1-0

[Event "Tournament: Gibraltar Masters"]
[Site "?"]
[Date "2011.01.31"]
[Round "7"]
[White "Stebbings, A."]
[Black "Memarian, M."]
[Result "1/2-1/2"]
[WhiteElo "2290"]
[BlackElo "2028"]
[PlyCount "143"]
[EventDate "2011.01.25"]

1. e4 c5 2. Nf3 e6 3. d4 cxd4 4. Nxd4 a6 5. Nc3 Qc7 6. Bd3 Nf6 7. O-O b5 8. Qe2
d6 9. Bd2 Bb7 10. a4 b4 11. Na2 e5 12. Nf3 a5 13. c3 b3 14. Nc1 Be7 15. Nxb3
O-O 16. Bg5 Nbd7 17. Nbd2 h6 18. Bxf6 Nxf6 19. Nc4 Rfe8 20. Nfd2 Bf8 21. f3 d5
22. exd5 Nxd5 23. g3 Rad8 24. Rfe1 g6 25. Rad1 Kg7 26. Kh1 Ba8 27. Bc2 Bc5 28.
Nb3 Ba7 29. Nbd2 f5 30. Nf1 e4 31. fxe4 fxe4 32. Nfe3 Nxe3 33. Nxe3 Rd3 34. Qg4
h5 35. Qg5 Re5 36. Qf4 g5 37. Qf2 Qc5 38. Kg1 Qxe3 39. Rxe3 Bxe3 40. Bxd3 Bxf2+
41. Kxf2 exd3 42. Rxd3 Rd5 43. Re3 Kf6 44. b4 Bc6 45. b5 Bb7 46. c4 Rc5 47. Rc3
Ke5 48. Ke3 Be4 49. Rc1 Bg2 50. Kd3 Be4+ 51. Ke3 Bf5 52. Rc3 Be6 53. Kd3 h4 54.
Rc1 Bf5+ 55. Ke3 Be4 56. Rc3 Bb1 57. Rc1 Bf5 58. Rc3 hxg3 59. hxg3 g4 60. Rc1
Be6 61. Kd3 Kd6 62. Kd4 Rf5 63. c5+ Kc7 64. Rc3 Rf3 65. Rxf3 gxf3 66. Ke3 Bb3
67. Kxf3 Bxa4 68. b6+ Kc6 69. Ke3 Bb3 70. Kd4 Bd1 71. Kc3 Bf3 72. Kb2 1/2-1/2

[Event "Tournament: Gibraltar Masters"]
[Site "?"]
[Date "2011.02.01"]
[Round "8"]
[White "Spanton, T."]
[Black "Stebbings, A."]
[Result "1-0"]
[WhiteElo "2026"]
[BlackElo "2290"]
[PlyCount "61"]
[EventDate "2011.01.25"]

1. c4 Nf6 2. g3 c5 3. Bg2 d5 4. cxd5 Nxd5 5. Nc3 Nc7 6. Qb3 Nd7 7. Nf3 e5 8.
O-O Be7 9. e3 O-O 10. Rd1 Ne6 11. d4 exd4 12. exd4 cxd4 13. Nxd4 Ndc5 14. Nxe6
Nxb3 15. Nxd8 Nxa1 16. Nxb7 Bg4 17. Rd4 Be6 18. Nd5 Bxd5 19. Bxd5 Rac8 20. Bd2
Bf6 21. Ra4 Bxb2 22. Bb4 Rc1+ 23. Kg2 Rb8 24. Nd6 Nc2 25. Bxf7+ Kf8 26. Rxa7
Nxb4 27. Be6 Nc6 28. Rf7+ Kg8 29. Rf6+ Kh8 30. Nf7+ Kg8 31. Nd8+ 1-0

[Event "Tournament: Gibraltar Masters"]
[Site "?"]
[Date "2011.02.02"]
[Round "9"]
[White "Stebbings, A."]
[Black "Eman, L."]
[Result "1-0"]
[WhiteElo "2290"]
[BlackElo "2015"]
[PlyCount "61"]
[EventDate "2011.01.25"]

1. d4 d5 2. c4 e6 3. Nc3 c5 4. cxd5 cxd4 5. Qa4+ Bd7 6. Qxd4 exd5 7. Qxd5 Nc6
8. Nf3 Nf6 9. Qd1 Bc5 10. e3 Qe7 11. Be2 O-O-O 12. O-O g5 13. b4 Bxb4 14. Bb2
Rhg8 15. Nd4 Ne5 16. Qb3 g4 17. Rab1 Kb8 18. Bc1 a5 19. a3 Be6 20. Nxe6 fxe6
21. axb4 Nf3+ 22. Kh1 Nxh2 23. Kxh2 g3+ 24. Kg1 gxf2+ 25. Rxf2 Ng4 26. Bxg4
Rxg4 27. bxa5 Rd7 28. e4 Qc5 29. Qb4 Qxf2+ 30. Kxf2 Rdg7 31. Qf8+ 1-0

[Event "Tournament: Gibraltar Masters"]
[Site "?"]
[Date "2011.02.03"]
[Round "10"]
[White "Sommerhalder, E."]
[Black "Stebbings, A."]
[Result "0-1"]
[WhiteElo "2000"]
[BlackElo "2290"]
[PlyCount "54"]
[EventDate "2011.01.25"]

1. e4 c5 2. Nf3 e6 3. d4 cxd4 4. Nxd4 Nc6 5. Nc3 Qc7 6. Be3 a6 7. Be2 Nf6 8.
O-O Bb4 9. Nxc6 bxc6 10. Qd3 d5 11. exd5 cxd5 12. Bd4 Bd6 13. Bxf6 gxf6 14. g3
h5 15. Bf3 Rb8 16. Rae1 Kf8 17. Re2 h4 18. Rfe1 hxg3 19. fxg3 Rxb2 20. Kg2 Bb7
21. Kf1 Bb4 22. Nxd5 Bxd5 23. Bxd5 exd5 24. Re8+ Kg7 25. Rxh8 Kxh8 26. Re8+ Kg7
27. Qf3 Qxc2 0-1

[Event "Kent league"]
[Site "?"]
[Date "2011.02.08"]
[Round "?"]
[White "Stebbings, A."]
[Black "Jones, W."]
[Result "1-0"]
[WhiteElo "2290"]
[BlackElo "2218"]
[PlyCount "47"]
[EventDate "2011.??.??"]

1. e4 c5 2. Nf3 d6 3. d4 cxd4 4. Nxd4 Nf6 5. Nc3 a6 6. f4 e6 7. Qf3 Qc7 8. g4
Nc6 9. Nxc6 bxc6 10. g5 Nd7 11. b3 Be7 12. h4 a5 13. Bb2 Ba6 14. Bxa6 Rxa6 15.
O-O-O O-O 16. f5 e5 17. f6 gxf6 18. gxf6 Nxf6 19. Ne2 Kh8 20. Ng3 Rg8 21. Nf5
c5 22. Rhf1 Bd8 23. Qd3 c4 24. bxc4 1-0

[Event "London league"]
[Site "?"]
[Date "2011.02.14"]
[Round "?"]
[White "MorrisHill, R."]
[Black "Stebbings, A."]
[Result "1/2-1/2"]
[WhiteElo "2066"]
[BlackElo "2290"]
[PlyCount "40"]
[EventDate "2011.??.??"]

1. c4 b6 2. Nc3 Bb7 3. e4 e6 4. d3 c5 5. g3 Nc6 6. Bg2 g6 7. Nge2 Bg7 8. O-O
Nge7 9. Be3 O-O 10. Qd2 Nd4 11. Bh6 f5 12. Bxg7 Kxg7 13. f4 d6 14. Rae1 Qd7 15.
Nxd4 cxd4 16. Nd1 Rae8 17. e5 d5 18. b3 Rc8 19. Nb2 Rfd8 20. Rc1 dxc4 1/2-1/2

[Event "4NCL league"]
[Site "?"]
[Date "2011.02.19"]
[Round "?"]
[White "Stebbings, A."]
[Black "Talsma, P."]
[Result "1/2-1/2"]
[WhiteElo "2290"]
[BlackElo "2282"]
[PlyCount "45"]
[EventDate "2011.??.??"]

1. e4 e5 2. Nf3 Nc6 3. Bb5 a6 4. Ba4 Nf6 5. Qe2 d6 6. c3 Bd7 7. d4 Be7 8. d5
Nb8 9. Bxd7+ Nbxd7 10. c4 c6 11. Nc3 cxd5 12. cxd5 b5 13. O-O O-O 14. Bd2 Rc8
15. Rfc1 Qb6 16. Be3 Qb7 17. Nd2 Bd8 18. a4 b4 19. Nd1 Bb6 20. b3 Bxe3 21. Nxe3
Nc5 22. Nec4 Qc7 23. a5 1/2-1/2

[Event "4NCL league"]
[Site "?"]
[Date "2011.02.20"]
[Round "?"]
[White "Morris, C."]
[Black "Stebbings, A."]
[Result "1/2-1/2"]
[WhiteElo "2210"]
[BlackElo "2290"]
[PlyCount "60"]
[EventDate "2011.??.??"]

1. Nf3 Nf6 2. c4 c5 3. g3 d5 4. cxd5 Nxd5 5. Nc3 Nc6 6. Bg2 Nc7 7. O-O e5 8.
Ne1 Bd7 9. b3 Bd6 10. Bb2 O-O 11. Ne4 Qe7 12. Rc1 Rfe8 13. Nd3 Na6 14. f4 exf4
15. Nxf4 Be5 16. Nd5 Qe6 17. Bxe5 Qxe5 18. e3 Be6 19. Nf4 Rad8 20. Qf3 f6 21.
Nxe6 Rxe6 22. Qg4 Rde8 23. Rf5 Qb2 24. Rcf1 Ne5 25. Qh3 Nf7 26. d3 b6 27. R5f2
Qe5 28. Rf5 Qb2 29. R5f2 Qe5 30. Rf5 Qb2 1/2-1/2

[Event "London league"]
[Site "?"]
[Date "2011.03.03"]
[Round "?"]
[White "Wright, D."]
[Black "Stebbings, A."]
[Result "0-1"]
[WhiteElo "2154"]
[BlackElo "2290"]
[PlyCount "77"]
[EventDate "2011.??.??"]

1. Nf3 Nf6 2. c4 c5 3. g3 d5 4. cxd5 Nxd5 5. Bg2 Nc6 6. O-O e5 7. Nc3 Nc7 8. d3
Be7 9. Nd2 Bd7 10. a4 O-O 11. Nc4 f6 12. a5 Kh8 13. Kh1 Rb8 14. f4 exf4 15.
Bxf4 Nd4 16. Nd6 Bc6 17. Bxc6 Nxc6 18. Nf5 Qd7 19. Qa4 Rbd8 20. Bxc7 Qxc7 21.
Nxe7 Qxe7 22. a6 Rd4 23. Qb3 b6 24. Ra4 Nb4 25. Raa1 Re8 26. Rf2 h6 27. Nb5 Rd7
28. Qc4 Nd5 29. Qh4 Qe5 30. Rb1 Nb4 31. Nc3 Nxa6 32. Rbf1 Kh7 33. Qa4 Nb8 34.
Rf5 Qe6 35. Ne4 Nc6 36. Nxf6+ gxf6 37. Rxf6 Qd5+ 38. e4 Qxd3 39. Qxc6 0-1

[Event "County match"]
[Site "?"]
[Date "2011.03.05"]
[Round "?"]
[White "Stebbings, A."]
[Black "Osborne, M."]
[Result "0-1"]
[WhiteElo "2290"]
[BlackElo "2282"]
[PlyCount "60"]
[EventDate "2011.??.??"]

1. d4 Nf6 2. c4 e6 3. Nc3 Bb4 4. e3 c5 5. Nge2 cxd4 6. exd4 O-O 7. a3 Be7 8. d5
exd5 9. cxd5 Bc5 10. Na4 d6 11. b4 b5 12. Nac3 Bb6 13. Ng3 Ng4 14. Nge4 f5 15.
Bg5 Qe8 16. Bxb5 Qg6 17. Be7 fxe4 18. Bxf8 Nxf2 19. Qc2 Nxh1 20. Nxe4 Bf5 21.
Bd3 Kxf8 22. O-O-O Na6 23. Bxa6 Bxe4 24. Qc6 Be3+ 25. Kb2 Qxg2+ 26. Kb3 Rd8 27.
Qc7 Bb6 28. Qc1 Bxd5+ 29. Rxd5 Qxd5+ 30. Bc4 Qf3+ 0-1

[Event "London league"]
[Site "?"]
[Date "2011.03.09"]
[Round "?"]
[White "Elwin, A."]
[Black "Stebbings, A."]
[Result "1-0"]
[WhiteElo "2034"]
[BlackElo "2290"]
[PlyCount "63"]
[EventDate "2011.??.??"]

1. d4 Nf6 2. c4 e6 3. Nc3 Bb4 4. Qc2 c5 5. a3 Bxc3+ 6. bxc3 Nc6 7. Nf3 d6 8.
Bg5 h6 9. Bd2 e5 10. e3 e4 11. Ng1 O-O 12. Ne2 Re8 13. Nf4 b6 14. Be2 Ba6 15.
h4 Na5 16. g4 g6 17. g5 hxg5 18. hxg5 Nh7 19. O-O-O Nxg5 20. Rdg1 Bxc4 21. Bg4
Kg7 22. Be1 Qe7 23. Qd1 Rh8 24. Bh5 gxh5 25. Nxh5+ Kf8 26. Qg4 Rg8 27. Nf4 Rd8
28. Rh5 f6 29. Qf5 Be6 30. Ng6+ Rxg6 31. Qxg6 Bf7 32. Rh8+ 1-0

[Event "4NCL league"]
[Site "?"]
[Date "2011.03.27"]
[Round "?"]
[White "Stebbings, A."]
[Black "Rutter, N."]
[Result "1/2-1/2"]
[WhiteElo "2290"]
[BlackElo "2258"]
[PlyCount "46"]
[EventDate "2011.??.??"]

1. e4 c5 2. Nf3 Nc6 3. d4 cxd4 4. Nxd4 Nf6 5. Nc3 e5 6. Ndb5 d6 7. Bg5 a6 8.
Na3 b5 9. Nd5 Be7 10. Bxf6 Bxf6 11. c3 Ne7 12. Nxf6+ gxf6 13. Bd3 Bb7 14. Qe2
d5 15. O-O-O Qb6 16. f3 Rg8 17. Nc2 O-O-O 18. Kb1 h5 19. Ne3 Kb8 20. exd5 Nxd5
21. Nxd5 Bxd5 22. Be4 Bc4 23. Qc2 Kc7 1/2-1/2

[Event "Kent league"]
[Site "?"]
[Date "2011.03.30"]
[Round "?"]
[White "Robertson, M."]
[Black "Stebbings, A."]
[Result "1-0"]
[WhiteElo "2250"]
[BlackElo "2290"]
[PlyCount "57"]
[EventDate "2011.??.??"]

1. e4 c5 2. Nf3 Nc6 3. d4 cxd4 4. Nxd4 Qb6 5. Nb3 Nf6 6. Nc3 e6 7. Bd3 d6 8.
O-O Be7 9. Qe2 O-O 10. Be3 Qc7 11. f4 a6 12. g4 b5 13. g5 Nd7 14. a3 Bb7 15. f5
Rfe8 16. Rf3 Nce5 17. Rh3 exf5 18. Qh5 Nf8 19. exf5 Nxd3 20. cxd3 Qc6 21. Ne4
Qd5 22. Nd4 Bd8 23. f6 Bb6 24. fxg7 Kxg7 25. Qh6+ Kh8 26. Qf6+ Kg8 27. Nf5
Bxe3+ 28. Rxe3 Ne6 29. Nh6+ 1-0

[Event "London league"]
[Site "?"]
[Date "2011.04.04"]
[Round "?"]
[White "Stebbings, A."]
[Black "Spearman, D."]
[Result "1/2-1/2"]
[WhiteElo "2290"]
[BlackElo "2058"]
[PlyCount "65"]
[EventDate "2011.??.??"]

1. e4 d5 2. exd5 Qxd5 3. Nc3 Qd8 4. d4 Nf6 5. Bc4 Bg4 6. Nf3 e6 7. h3 Bxf3 8.
Qxf3 c6 9. Be3 Be7 10. O-O O-O 11. Rad1 Nbd7 12. Bb3 Nd5 13. Ne4 b5 14. c3 a5
15. Bf4 Nxf4 16. Qxf4 Nf6 17. a3 Nxe4 18. Qxe4 Qd6 19. f4 g6 20. Kh1 h5 21. g3
Bf6 22. Rf2 Kg7 23. Kg2 Rad8 24. Rf3 b4 25. axb4 axb4 26. Rfd3 bxc3 27. bxc3
Rb8 28. Bc2 Qd5 29. R3d2 Qxe4+ 30. Bxe4 Rfc8 31. Rb1 Rxb1 32. Bxb1 c5 33. Kf3
1/2-1/2

[Event "London league"]
[Site "?"]
[Date "2011.04.18"]
[Round "?"]
[White "Stebbings, A."]
[Black "Pridding, A."]
[Result "1-0"]
[WhiteElo "2290"]
[BlackElo "2106"]
[PlyCount "47"]
[EventDate "2011.??.??"]

1. e4 e5 2. Nf3 Nc6 3. Bb5 f5 4. Nc3 fxe4 5. Nxe4 d5 6. Nxe5 dxe4 7. Nxc6 Qg5
8. Qe2 Nf6 9. f4 Qh4+ 10. g3 Qh3 11. Ne5+ c6 12. Bc4 Bc5 13. d3 Ng4 14. d4 Nxe5
15. fxe5 Bxd4 16. Qxe4 Bb6 17. e6 Rf8 18. Bf4 g5 19. Bxg5 Bf2+ 20. Kd2 Qh5 21.
h4 Bxg3 22. Raf1 Rg8 23. e7 Rxg5 24. Rf8+ 1-0

[Event "4NCL league"]
[Site "?"]
[Date "2011.04.30"]
[Round "?"]
[White "Byway, P."]
[Black "Stebbings, A."]
[Result "1/2-1/2"]
[WhiteElo "2146"]
[BlackElo "2290"]
[PlyCount "60"]
[EventDate "2011.??.??"]

1. Nf3 Nf6 2. c4 c5 3. g3 d5 4. cxd5 Nxd5 5. Bg2 Nc6 6. O-O e5 7. d3 Be7 8. Nc3
Nc7 9. Nd2 Bd7 10. Nc4 f6 11. a4 O-O 12. f4 exf4 13. Bxf4 Be6 14. Bxc7 Qxc7 15.
Bd5 Qd7 16. e4 f5 17. Qb3 Bxd5 18. Nxd5 Nd4 19. Qa2 Kh8 20. Nxe7 Qxe7 21. e5
Rad8 22. Rae1 Qe6 23. Qb1 Qd5 24. Qd1 Rde8 25. Re3 Re6 26. Qd2 b6 27. b4 Nc6
28. bxc5 bxc5 29. Qg2 Qxg2+ 30. Kxg2 g6 1/2-1/2

[Event "4NCL league"]
[Site "?"]
[Date "2011.05.01"]
[Round "?"]
[White "Stebbings, A."]
[Black "Curtis, J."]
[Result "1/2-1/2"]
[WhiteElo "2290"]
[BlackElo "2098"]
[PlyCount "43"]
[EventDate "2011.??.??"]

1. e4 d6 2. d4 Nf6 3. Nc3 e5 4. Nge2 Be7 5. g3 c6 6. Bg2 b5 7. a3 a6 8. O-O O-O
9. h3 Nbd7 10. Be3 Bb7 11. g4 Nb6 12. b3 Qc7 13. Ng3 g6 14. f4 exd4 15. Qxd4 c5
16. Qd2 d5 17. Nxd5 Nfxd5 18. exd5 Rad8 19. Qa5 Bxd5 20. Bxd5 Nxd5 21. Qxc7
Nxc7 22. f5 1/2-1/2

[Event "4NCL league"]
[Site "?"]
[Date "2011.05.02"]
[Round "?"]
[White "Stebbings, A."]
[Black "Emerson, R."]
[Result "0-1"]
[WhiteElo "2290"]
[BlackElo "2170"]
[PlyCount "80"]
[EventDate "2011.??.??"]

1. d4 d5 2. c4 e6 3. Nc3 Nf6 4. Bg5 c5 5. cxd5 Qb6 6. Bxf6 Qxb2 7. Qc1 Qxc1+ 8.
Rxc1 gxf6 9. Ne4 Nd7 10. dxe6 fxe6 11. dxc5 b6 12. Nd6+ Ke7 13. e3 Nxc5 14.
Nxc8+ Rxc8 15. Rc2 Bg7 16. Nf3 Ne4 17. Nd4 f5 18. Ba6 Rxc2 19. Nxc2 Bc3+ 20.
Ke2 Rd8 21. Rd1 Rxd1 22. Kxd1 Nxf2+ 23. Ke2 Ne4 24. Bc4 Nc5 25. Nd4 Bxd4 26.
exd4 Ne4 27. Ke3 Nd6 28. Bb3 b5 29. Kf4 Kf6 30. h3 a5 31. g4 fxg4 32. hxg4 h6
33. Bc2 Ne8 34. Be4 Nc7 35. Bd3 Nd5+ 36. Kf3 b4 37. Bc4 a4 38. Ke4 Nc3+ 39. Kd3
Nxa2 40. Kc2 Nc3 0-1

[Event "London league"]
[Site "?"]
[Date "2011.05.04"]
[Round "?"]
[White "Harley, A."]
[Black "Stebbings, A."]
[Result "1/2-1/2"]
[WhiteElo "2178"]
[BlackElo "2290"]
[PlyCount "39"]
[EventDate "2011.??.??"]

1. e4 c5 2. c3 Nf6 3. e5 Nd5 4. Bc4 e6 5. d4 cxd4 6. Bxd5 exd5 7. Qxd4 Nc6 8.
Qxd5 d6 9. exd6 Bxd6 10. Qe4+ Be6 11. Nf3 h6 12. Bf4 Bxf4 13. Qxf4 Qb6 14. b3
Qa6 15. c4 b5 16. cxb5 Qxb5 17. Nc3 Qa5 18. Rc1 Nb4 19. O-O O-O 20. Qe5 1/2-1/2

[Event "County match"]
[Site "?"]
[Date "2011.05.08"]
[Round "?"]
[White "Stebbings, A."]
[Black "Savage, N."]
[Result "1/2-1/2"]
[WhiteElo "2290"]
[BlackElo "2234"]
[PlyCount "57"]
[EventDate "2011.??.??"]

1. e4 c5 2. Nf3 e6 3. d4 cxd4 4. Nxd4 a6 5. Bd3 Nf6 6. O-O Qc7 7. Qe2 d6 8. c4
g6 9. Nc3 Bg7 10. Nf3 Nbd7 11. Bf4 O-O 12. Rfd1 Ng4 13. Rac1 b6 14. Qd2 Nde5
15. Nxe5 dxe5 16. Be3 Nxe3 17. Qxe3 Rd8 18. b4 Bf8 19. a3 Bb7 20. c5 bxc5 21.
Na4 Rd4 22. Nxc5 Bxc5 23. bxc5 Rad8 24. f3 Bc6 25. Be2 Ba4 26. Rd3 Bb5 27. Rdc3
Bxe2 28. Qxe2 Qc6 29. Qe3 1/2-1/2

[Event "Kent league"]
[Site "?"]
[Date "2011.05.15"]
[Round "?"]
[White "Stebbings, A."]
[Black "Duggan, J."]
[Result "1-0"]
[WhiteElo "2290"]
[BlackElo "2122"]
[PlyCount "109"]
[EventDate "2011.??.??"]

1. d4 e6 2. e4 d5 3. Nd2 Nf6 4. e5 Nfd7 5. f4 c5 6. c3 Nc6 7. Ndf3 Qb6 8. g3
cxd4 9. cxd4 Bb4+ 10. Kf2 f5 11. Ne2 Nf8 12. Nc3 Bd7 13. Na4 Qd8 14. a3 Be7 15.
b4 Rc8 16. Nc5 b6 17. Nd3 h6 18. h4 Nb8 19. a4 Qc7 20. Bd2 Qc2 21. Be2 Qxd1 22.
Rhxd1 Kf7 23. b5 Nh7 24. Rdc1 Rxc1 25. Rxc1 Rc8 26. Rxc8 Bxc8 27. Bb4 a5 28.
Bxe7 Kxe7 29. h5 Nf8 30. Nh4 Kf7 31. Ne1 Bd7 32. Neg2 Be8 33. g4 fxg4 34. Bxg4
Bd7 35. Ne3 Ke7 36. f5 Kf7 37. fxe6+ Nxe6 38. Bxe6+ Bxe6 39. Ng6 Nd7 40. Nf4
Ke7 41. Kf3 Kf7 42. Nexd5 Bf5 43. Ne3 Be6 44. d5 Nxe5+ 45. Ke4 Bxd5+ 46. Kxd5
Nd7 47. Kc6 Nc5 48. Kxb6 Nxa4+ 49. Kxa5 Nc5 50. Kb6 Na4+ 51. Kc6 Kf6 52. b6
Nxb6 53. Kxb6 g5 54. hxg6 h5 55. Neg2 1-0

[Event "County match"]
[Site "?"]
[Date "2011.06.11"]
[Round "?"]
[White "Stebbings, A."]
[Black "Ivell, N."]
[Result "0-1"]
[WhiteElo "2210"]
[BlackElo "2354"]
[PlyCount "56"]
[EventDate "2011.??.??"]

1. e4 c5 2. Nf3 e6 3. d4 cxd4 4. Nxd4 Nf6 5. Nc3 d6 6. f4 Nc6 7. Be3 Be7 8. Qf3
e5 9. Nxc6 bxc6 10. f5 Rb8 11. O-O-O Qa5 12. Bc4 O-O 13. g4 d5 14. exd5 cxd5
15. Nxd5 Nxd5 16. Bxd5 Rxb2 17. Kxb2 Ba3+ 18. Kb1 Qb4+ 19. Bb3 Qc3 20. Bc1 Qxf3
21. Bxa3 Re8 22. Ba4 Bd7 23. Bxd7 Rb8+ 24. Bb2 Qb7 25. Kc1 Qxb2+ 26. Kd2 Rd8
27. Ke3 Qb6+ 28. Ke2 Rxd7 0-1

[Event "County match"]
[Site "?"]
[Date "2011.07.02"]
[Round "?"]
[White "Stebbings, A."]
[Black "Berry, S."]
[Result "1/2-1/2"]
[WhiteElo "2210"]
[BlackElo "2314"]
[PlyCount "49"]
[EventDate "2011.??.??"]

1. e4 e5 2. Nf3 Nc6 3. Bb5 a6 4. Ba4 d6 5. Bxc6+ bxc6 6. d4 exd4 7. Qxd4 c5 8.
Qd3 Ne7 9. Nc3 Rb8 10. b3 Ng6 11. Bb2 Nf4 12. Qf1 Be7 13. O-O-O O-O 14. Ng1 Bf6
15. Nge2 Nxe2+ 16. Qxe2 Re8 17. Rhe1 a5 18. f4 Bd4 19. Qf3 Bb7 20. Nd5 Bxb2+
21. Kxb2 a4 22. Qc3 Bxd5 23. Rxd5 Qh4 24. Rg5 g6 25. Qg3 1/2-1/2

[Event "London league"]
[Site "?"]
[Date "2011.10.03"]
[Round "?"]
[White "Yurenok, M."]
[Black "Stebbings, A."]
[Result "1/2-1/2"]
[WhiteElo "2082"]
[BlackElo "2210"]
[PlyCount "54"]
[EventDate "2011.??.??"]

1. d4 Nf6 2. c4 e6 3. Nc3 Bb4 4. Qc2 c5 5. dxc5 Qc7 6. a3 Bxc5 7. e3 Be7 8. Nf3
a6 9. Bd3 b6 10. O-O Bb7 11. e4 d6 12. Bf4 Nbd7 13. Rac1 Ng4 14. Qe2 O-O 15. b4
Rac8 16. Bg5 Bxg5 17. Nxg5 Nde5 18. Rfd1 h6 19. Nf3 Nxf3+ 20. Qxf3 Ne5 21. Qe3
Rfd8 22. Ne2 Ba8 23. f3 Qb7 24. Nd4 Rc7 25. Rc2 Rdc8 26. Rdc1 Rd7 27. Be2 Rdc7
1/2-1/2

[Event "London league"]
[Site "?"]
[Date "2011.10.24"]
[Round "?"]
[White "Smith, MG."]
[Black "Stebbings, A."]
[Result "0-1"]
[WhiteElo "2106"]
[BlackElo "2210"]
[PlyCount "124"]
[EventDate "2011.??.??"]

1. d4 Nf6 2. c4 e6 3. Nc3 Bb4 4. Bg5 h6 5. Bh4 c5 6. d5 Bxc3+ 7. bxc3 d6 8. Nf3
e5 9. Nd2 Qe7 10. e4 Nbd7 11. Bd3 Nf8 12. Nf1 Ng6 13. Bg3 O-O 14. Ne3 Nf4 15.
O-O g5 16. Re1 N6h5 17. Bc2 Ng7 18. Rb1 b6 19. Rb2 f5 20. Qb1 Nxg2 21. Kxg2 f4
22. Nf5 Nxf5 23. exf5 Qf6 24. f3 fxg3 25. hxg3 Bxf5 26. Bxf5 Qxf5 27. Qxf5 Rxf5
28. Re3 Raf8 29. a4 h5 30. Ra2 h4 31. a5 h3+ 32. Kxh3 Rxf3 33. Rxf3 Rxf3 34.
axb6 axb6 35. Kg4 Rxc3 36. Ra7 Rxc4+ 37. Kf5 Rc3 38. Rd7 Rf3+ 39. Kg6 Kf8 40.
Rxd6 b5 41. Re6 Rxg3 42. d6 Rd3 43. Kxg5 e4 44. Kf4 e3 45. Kf3 b4 46. Ke2 Rd5
47. Kxe3 b3 48. d7 Rxd7 49. Rb6 c4 50. Rb4 Rd3+ 51. Ke2 Rc3 52. Kd2 Rc2+ 53.
Kd1 Ke7 54. Rb6 Kd7 55. Rb4 Kc6 56. Rb8 Kc5 57. Rb7 Kd4 58. Rh7 Kc3 59. Rh3+
Kb2 60. Rg3 c3 61. Rg5 Rd2+ 62. Ke1 Rh2 0-1

[Event "County match"]
[Site "?"]
[Date "2011.11.05"]
[Round "?"]
[White "Wittmann, J."]
[Black "Stebbings, A."]
[Result "1/2-1/2"]
[WhiteElo "2234"]
[BlackElo "2210"]
[PlyCount "55"]
[EventDate "2011.??.??"]

1. e4 Nf6 2. Nc3 e6 3. e5 Nd5 4. Nxd5 exd5 5. Qf3 c6 6. d4 d6 7. Bf4 dxe5 8.
dxe5 Bf5 9. Bd3 Bxd3 10. Qxd3 Qa5+ 11. c3 Qa6 12. Qf5 Nd7 13. e6 fxe6 14. Qxe6+
Kd8 15. Nf3 Nc5 16. Bg5+ Kc7 17. Qf7+ Kb6 18. Be3 Qd3 19. Rd1 Qc2 20. b4 Qxc3+
21. Nd2 d4 22. bxc5+ Bxc5 23. O-O dxe3 24. Rb1+ Bb4 25. Ne4 Qd4 26. a3 a5 27.
Ng3 Rhf8 28. Qa2 1/2-1/2

[Event "Kent league"]
[Site "?"]
[Date "2011.11.08"]
[Round "?"]
[White "Duggan, J."]
[Black "Stebbings, A."]
[Result "1/2-1/2"]
[WhiteElo "2098"]
[BlackElo "2210"]
[PlyCount "59"]
[EventDate "2011.??.??"]

1. d4 Nf6 2. Nf3 e6 3. e3 c5 4. Bd3 b6 5. O-O Bb7 6. c4 Nc6 7. Nc3 cxd4 8. exd4
d5 9. Re1 Be7 10. cxd5 Nxd5 11. Nxd5 Qxd5 12. Be4 Qd7 13. Ne5 Nxe5 14. Bxb7
Qxb7 15. dxe5 O-O 16. Qg4 Rfd8 17. Bh6 g6 18. h4 Rd5 19. Re4 Rad8 20. Rae1 Qd7
21. h5 Rd1 22. Kh2 Rxe1 23. Rxe1 Qd3 24. Re3 Qf5 25. Qxf5 exf5 26. Rc3 Bc5 27.
Rc2 Rd4 28. Bg5 gxh5 29. g3 Kg7 30. Be3 1/2-1/2

[Event "London league"]
[Site "?"]
[Date "2011.11.21"]
[Round "?"]
[White "Chen, T."]
[Black "Stebbings, A."]
[Result "0-1"]
[WhiteElo "2066"]
[BlackElo "2210"]
[PlyCount "102"]
[EventDate "2011.??.??"]

1. d4 Nf6 2. Nf3 e6 3. c4 Bb4+ 4. Nc3 c5 5. Qa4 Ne4 6. Bd2 Bxc3 7. Bxc3 Nxc3 8.
bxc3 O-O 9. e4 d6 10. Bd3 Nc6 11. Qc2 e5 12. d5 Ne7 13. O-O h6 14. Ne1 g5 15.
f3 f5 16. exf5 Nxf5 17. Rf2 Qf6 18. Qe2 Qg7 19. g4 Nh4 20. Be4 Bd7 21. a4 Be8
22. Ng2 Nxg2 23. Kxg2 Bg6 24. Bxg6 Qxg6 25. Qe4 Qg7 26. Raf1 Rf4 27. Qd3 Qh7
28. Qxh7+ Kxh7 29. Rb1 Rb8 30. Rfb2 Rf7 31. a5 Kg6 32. a6 b6 33. Re2 Rbf8 34.
Rf1 Rf6 35. h3 Kf7 36. Rff2 Ke7 37. Kg3 Kd7 38. Re3 Kc7 39. Ra2 Rf4 40. Ra4
R8f7 41. Kg2 Kd7 42. Kg3 Ke7 43. Kg2 Kf8 44. Kg3 Kg7 45. Kg2 Kg6 46. Kg3 h5 47.
Kg2 h4 48. Kf2 e4 49. Kg2 Rxf3 50. Rxe4 Rf2+ 51. Kg1 Rf1+ 0-1

[Event "London league"]
[Site "?"]
[Date "2011.12.05"]
[Round "?"]
[White "Stebbings, A."]
[Black "Makepeace, P."]
[Result "1/2-1/2"]
[WhiteElo "2210"]
[BlackElo "2202"]
[PlyCount "60"]
[EventDate "2011.??.??"]

1. e4 c6 2. d4 d5 3. exd5 cxd5 4. c4 Nf6 5. Nc3 e6 6. Nf3 Bb4 7. cxd5 Nxd5 8.
Bd2 Nc6 9. Bd3 Be7 10. O-O O-O 11. a3 Bf6 12. Qe2 g6 13. Bh6 Nxc3 14. bxc3 Re8
15. Be4 Ne7 16. Rab1 Nd5 17. Rfc1 Re7 18. c4 Nb6 19. Be3 Rd7 20. Ne5 Bxe5 21.
dxe5 Rc7 22. Rd1 Qe7 23. c5 Nd7 24. Rbc1 Rb8 25. Qd2 Nxe5 26. Bf4 f6 27. Bxe5
fxe5 28. Qd8+ Kg7 29. Qxe7+ Rxe7 30. Rd8 Rd7 1/2-1/2